000 00861cam a2200241 a 4500
001 20286
003 BD-RjUL
005 20211209000538.0
008 140227r19661961e 000 1 eng u
035 _a(BD-RjUL) 20348
040 _aWHE
_dm.c
_dBD-RjUL
_beng
_cBD-RjUL
041 _aeng
082 0 4 _a823.5
_bDEF 1966
100 1 _aDefoe, Daniel,
_d1661?-1731.
_962520
245 1 4 _aThe fortunes and misfortunes of the famous Moll Flanders /
_cby Daniel Defoe ; with an introduction by Bonamy Dobrée ; and a note on the text by Herbert Davis
260 _aLondon :
_bOxford University Press,
_c1961 [reprinted 1966].
300 _axi, 394 p. ;
_c16 cm.
650 1 _a England -- Social life and customs -- 17th century -- Fiction.
_962521
740 0 _aMoll Flanders
830 0 _aWorld's classics
_962526
942 _2ddc
_cBK
999 _c20286
_d20286